Normal view
MARC view
Entry Personal Name
001 - CONTROL NUMBER
- control field: 9759
003 - CONTROL NUMBER IDENTIFIER
- control field: BD-RjUL
005 - DATE AND TIME OF LATEST TRANSACTION
- control field: 20231029102225.0
008 - FIXED-LENGTH DATA ELEMENTS
- fixed length control field: 231029|| aca||aabn | a|a d
040 ## - CATALOGING SOURCE
- Original cataloging agency: BD-RjUL
- Transcribing agency: BD-RjUL
100 ## - HEADING--PERSONAL NAME
- Personal name: Taufikuzzaman, Md
670 ## - SOURCE DATA FOUND
- Source citation: Work cat.: (BD-RjUL)82189: Taufikuzzaman, Md., The Nature of Receiving Obstetric Care Among Rural Women in Northern Bangladesh /, 2014